Città Italiane con la Q - Statistics

General Stats
  • This quiz has been taken 5 times
  • The average score is 11 of 29
Answer Stats
Prov. Comune Abitanti % Correct
AO Quart 4,173
100%
NA Quarto 41,450
100%
CA Quartu Sant'Elena 68,108
100%
CA Quartucciu 12,813
75%
VC Quarona 3,727
50%
PT Quarrata 26,934
50%
TO Quassolo 328
50%
AL Quattordio 1,432
50%
TO Quincinetto 976
50%
AV Quadrelle 1,867
25%
CH Quadri 681
25%
TO Quagliuzzo 321
25%
NA Qualiano 24,652
25%
AT Quaranti 146
25%
BI Quaregna Cerreto 2,083
25%
AL Quargnento 1,350
25%
VB Quarna Sopra 242
25%
VB Quarna Sotto 384
25%
VE Quarto d'Altino 8,007
25%
RE Quattro Castella 13,235
25%
SV Quiliano 6,841
25%
AV Quindici 1,756
25%
MN Quingentole 1,031
25%
CR Quintano 934
25%
TV Quinto di Treviso 10,073
25%
VC Quinto Vercellese 386
25%
VI Quinto Vicentino 8,517
25%
BS Quinzano d'Oglio 6,323
25%
MN Quistello 5,216
25%
No matching quizzes found
Score Distribution
Percent of People with Each Score
Percentile by Number Answered
Your Score History
You have not taken this quiz